000 00465nam a2200181Ia 4500
005 20260122095435.0
008 260121s9999||||xx |||||||||||||| ||und||
020 _a9789392274596
082 _a158
_bLAR
100 _aLarson, D. Christian
245 0 _aYour forces and how to use them /
260 _aWashington :
_bNational Academies Press,
_c2024.
300 _a212 p.; pbk
650 _aForces
650 _aHow To Use Them
650 _aYour
942 _cTB
999 _c39546
_d39546